| 000 | 00958nam a2200253Ia 4500 | ||
|---|---|---|---|
| 003 | GCL | ||
| 005 | 20240530103023.0 | ||
| 008 | 140319s9999 xx 000 0 ara d | ||
| 040 |
_aGCL / _cGCL |
||
| 082 | 0 | 4 |
_a962 _bق/ف ح |
| 100 | 1 | _aفؤاد المرسى خاطر | |
| 245 | 1 | 0 |
_aحول الفكرة العربية فى مصر: _cفؤاد المرسى خاطر ؛ اشراف يونان لبيب رزق _bدراسة فى تاريخ الفكر السياسى المصرى المعاصر / |
| 260 |
_aالقاهرة : _bالهيئة المصرية العامة للكتاب ، _c1985 |
||
| 300 |
_a258 ص ؛ _c19 سم |
||
| 490 |
_aمصر النهضة _v0 |
||
| 650 | 0 | 4 | _aالعصر الحديث |
| 650 | 0 | 4 | _aمصر |
| 650 | 0 | 4 | _aتاريخ |
| 650 | 0 | 4 | _aالوحدة العربية |
| 650 | 0 | 4 | _aثورة 23 يوليو 1952 |
| 650 | 0 | 4 | _aالقومية العربية |
| 700 |
_aيونان لبيب رزق _eاشراف |
||
| 942 |
_2ddc _cBK |
||
| 999 |
_c36200 _d36200 |
||